000
00355nam a2200169Ia 4500
008
230606s2007 xx 000 0 und d
041
_a
eng
100
_a
Sudhesh
245
_a
Development of generic skill
250
_a
1st
260
_b
A
_c
2007
300
_a
174p
500
_a
2283
520
_a
General
520
_a
Xerox
650
_a
G.SKILL
999
_c
421298
_d
421298